LEADER 01102nam a22002891i 4500 001 991000439119707536 005 20021009092341.0 008 021009s1984 it |||||||||||||||||ita 035 $ab12005095-39ule_inst 035 $aARCHE-009489$9ExL 040 $aDip.to Filologia Ling. e Lett.$bita$cA.t.i. Arché s.c.r.l. Pandora Sicilia s.r.l. 100 1 $aGreimas, Algirdas Julien$0156484 245 10$aDel senso 2 :$bnarrativa, modalità, passioni /$cAlgirdas Julien Greimas ; traduzione a cura di Patrizia Magli e Maria Pia Pozzato 260 $aMilano :$bBompiani,$c1984 300 $aXVI, 244 p. ;$c22 cm 490 0$aStudi Bompiani.$pIl campo semiotico 650 4$aSemantica 650 4$aSintassi 700 1 $aMagli, Patrizia 700 1 $aPozzato, Maria Pia 765 0 $tDu sens 2 907 $a.b12005095$b28-04-17$c01-04-03 912 $a991000439119707536 945 $aLE008 Cr M VIII 59$g1$i2008000238285$lle008$o-$pE0.00$q-$rl$s- $t0$u1$v0$w1$x0$y.i12290737$z01-04-03 996 $aDel senso 2$9133727 997 $aUNISALENTO 998 $ale008$b01-04-03$cm$da $e-$fita$git $h0$i1 LEADER 01544oam 2200445zu 450 001 996203000403316 005 20210807003702.0 010 $a1-5090-7041-9 010 $a1-4244-4848-4 035 $a(CKB)2400000000002691 035 $a(SSID)ssj0000452843 035 $a(PQKBManifestationID)12171149 035 $a(PQKBTitleCode)TC0000452843 035 $a(PQKBWorkID)10471772 035 $a(PQKB)10658944 035 $a(NjHacI)992400000000002691 035 $a(EXLCZ)992400000000002691 100 $a20160829d2009 uy 101 0 $aeng 135 $aur||||||||||| 181 $ctxt 182 $cc 183 $acr 200 10$a2009 IEEE Workshop on Environmental, Energy, and Structural Monitoring Systems 210 31$a[Place of publication not identified]$cI E E E$d2009 215 $a1 online resource (109 pages) $cillustrations 300 $aBibliographic Level Mode of Issuance: Monograph 311 $a1-4244-4847-6 330 $a"The workshop aims to present and discuss the various technological, methodological and application aspects of complex monitoring systems."--Conference website. 606 $aEnvironmental monitoring$vCongresses 606 $aStructural health monitoring 615 0$aEnvironmental monitoring 615 0$aStructural health monitoring. 676 $a628.5 702 $aIEEE Staff 801 0$bPQKB 906 $aPROCEEDING 912 $a996203000403316 996 $a2009 IEEE Workshop on Environmental, Energy, and Structural Monitoring Systems$92497603 997 $aUNISA